000 00541nam a2200205 4500
003 OSt
005 20260530115310.0
008 260506b1991 |||a|||| |||| 00| 0 eng d
020 _a0792455142
040 _aICI
_bspa
_cICI
050 _aNK1390
_b.T84
100 1 _aDormer, Peter
_92869
245 1 0 _a20th Century Designers
264 1 _bMallard Press
_c1991
_aEstados Unidos de América
300 _a298 páginas
336 _atexto
_2rdacontent
337 _asin medio
_2rdamedia
338 _avolumen
_2rdacarrier
942 _2ddc
_cBK
_n1
999 _c13321
_d13321